Sports Quiz

Random Sports or NHL Quiz

Top 50 NHL scoring seasons by +40 player Quiz Stats

 Plays Quiz not verified by Sporcle

Score 0/50 Timer 07:00
0 Plays Today
season splayer % Correct
1968-89Gordie Howe
97.6%
1969-70Gordie Howe
97.6%
1970-71Gordie Howe
97.6%
1979-80Gordie '51' Howe
97.6%
2001-02Chris Chelios
79.2%
2003-04Chris Chelios
79.2%
2002-03Chris Chelios
79.2%
2000-01Mark Messier
78.6%
2003-04Mark Messier
78.6%
2002-03Mark Messier
78.6%
2001-02Mark Messier
78.6%
2008-09Mark Recchi
78.1%
2009-10Mark Recchi
78.1%
1979-80Bobby Hull
71.3%
2000-01Ray Bourque
65%
2005-06Steve Yzerman
63%
1975-76Johnny Bucyk
62.8%
1976-77Johnny Bucyk
62.8%
1977-78Johnny Bucyk
62.8%
2005-06Mario Lemieux
61.9%
2003-04Ron Francis
59.5%
2010-11Teemu Selanne
58.4%
2003-04Dave Andreychuk
57.3%
2005-06Dave Andreychuk
57.3%
2010-11Mark Recchi
54.7%
season splayer % Correct
2010-11Nicklas Lidstrom
53.8%
1972-73Alex Delvecchio
44.6%
2002-03Igor Larionov
42.5%
2001-02Igor Larionov
42.5%
2000-01Igor Larionov
42.5%
2002-03Adam Oates
42%
2003-04Adam Oates
42%
1980-81Jean Ratelle
34.6%
2010-11Mike Modano
33.9%
2006-07Gary Roberts
33.5%
2009-10Rob Blake
25.8%
1980-81Dave Keon
24.1%
1981-82Dave Keon
24.1%
1969-70Tim Horton
23.4%
1970-71Tim Horton
23.4%
1972-73Tim Horton
23.4%
1968-89Doug Harvey
18.8%
1970-71George Armstrong
16.8%
2003-04Steve Thomas
14.9%
2006-07Scott Mellanby
12%
2008-09Teppo Numminen
11.8%
1972-73Dean Prentice
10.1%
1974-75Doug Mohns
5.9%
1968-69Allan Stanley
5.7%
1972-73Ken Schinkel
2%

You're not logged in!

Compare scores with friends on all Sporcle quizzes.
OR
Log In

Show Comments

Extras

Created Nov 1, 2010ReportNominate
Tags:NHL Quiz, senior, Top 50, Top Scorers

Top Quizzes Today


Score Distribution

Your Account Isn't Verified!

In order to create a playlist on Sporcle, you need to verify the email address you used during registration. Go to your Sporcle Settings to finish the process.

Report this User

Report this user for behavior that violates our Community Guidelines.

Details: